000 00588nam a22001817a 4500
999 _c61639
_d61639
005 20240404125611.0
008 240404s2005 fr ||||| |||| 00| 0 fre d
020 _a9782200267889
041 _afre
080 _a613.2 G-92
100 _aGuen Jean-Marie Le
_921707
245 _aObésité, le nouveau mal français:
_bPour une réponse politique à un fléau social /
_cJean-Marie Le Guen.
264 _aParis :
_b Armand Colin,
_c2005.
300 _a284 p.:
_bill.;
_c23 cm.
653 _aსიმსუქნე
653 _aმედიცინა
942 _2udc
_cᲬᲘᲒᲜᲘ